Comparative law in a global context : (Record no. 57753)

MARC details
000 -LEADER
fixed length control field 01655nam\a2200325\a\4500
001 - CONTROL NUMBER
control field 57753
005 - DATE AND TIME OF LATEST TRANSACTION
control field 20260409122713.0
008 - FIXED-LENGTH DATA ELEMENTS--GENERAL INFORMATION
fixed length control field 260409s2006 nyua b 001 0 eng
020 ## - INTERNATIONAL STANDARD BOOK NUMBER
ISBN 9780521858595
Qualifying information hardback
020 ## - INTERNATIONAL STANDARD BOOK NUMBER
ISBN 9780521858595
Qualifying information (hardback)
020 ## - INTERNATIONAL STANDARD BOOK NUMBER
ISBN 9780521675291
Qualifying information (pbk.)
040 ## - CATALOGING SOURCE
Original cataloging agency DLC
Transcribing agency DLC
Modifying agency Bd-DhIUB
082 00 - DEWEY DECIMAL CLASSIFICATION NUMBER
Classification number 340.2
Edition number 22
Item number M5281c
100 1# - MAIN ENTRY--PERSONAL NAME
Personal name Menski, Werner.
245 10 - TITLE STATEMENT
Title Comparative law in a global context :
Remainder of title the legal systems of Asia and Africa /
Statement of responsibility, etc Werner Menski.
260 ## - PUBLICATION, DISTRIBUTION, ETC. (IMPRINT)
Place of publication, distribution, etc New York :
Name of publisher, distributor, etc Cambridge University Press,
Date of publication, distribution, etc 2006.
300 ## - PHYSICAL DESCRIPTION
Extent xx, 674 p. :
Other physical details ill. ;
Dimensions 24 cm.
504 ## - BIBLIOGRAPHY, ETC. NOTE
Bibliography, etc Includes bibliographical references (p. 614-658) and index.
505 0# - FORMATTED CONTENTS NOTE
Formatted contents note Comparative law and legal theory from a global perspective -- Legal pluralism -- Comparative jurisprudence : images and reflections of law -- Hindu law : the search for appropriateness -- Islamic law : god's law or men's law? -- African law : the search for law -- Chinese law : code and conduct.
526 ## - STUDY PROGRAM INFORMATION NOTE
School name School of Law
Department Law
Shelving Location Law
541 ## - IMMEDIATE SOURCE OF ACQUISITION NOTE
Source of acquisition Risaam
650 #0 - SUBJECT ADDED ENTRY--TOPICAL TERM
Topical term or geographic name as entry element Comparative law.
650 #0 - SUBJECT ADDED ENTRY--TOPICAL TERM
Topical term or geographic name as entry element Law
General subdivision Philosophy.
856 41 - ELECTRONIC LOCATION AND ACCESS
Materials specified Table of contents only
Uniform Resource Identifier <a href="http://www.loc.gov/catdir/toc/ecip0515/2005018618.html">http://www.loc.gov/catdir/toc/ecip0515/2005018618.html</a>
856 42 - ELECTRONIC LOCATION AND ACCESS
Materials specified Publisher description
Uniform Resource Identifier <a href="http://www.loc.gov/catdir/enhancements/fy0633/2005018618-d.html">http://www.loc.gov/catdir/enhancements/fy0633/2005018618-d.html</a>
856 42 - ELECTRONIC LOCATION AND ACCESS
Materials specified Contributor biographical information
Uniform Resource Identifier <a href="http://www.loc.gov/catdir/enhancements/fy0733/2005018618-b.html">http://www.loc.gov/catdir/enhancements/fy0733/2005018618-b.html</a>
942 ## - ADDED ENTRY ELEMENTS (KOHA)
Source of classification or shelving scheme Dewey Decimal Classification
Koha item type Books
Holdings
Withdrawn status Lost status Source of classification or shelving scheme Damaged status Not for loan Home library Current library Shelving location Date acquired Source of acquisition Cost, normal purchase price Serial Enumeration / chronology Total Checkouts Full call number Barcode Date last seen Copy number Cost, replacement price Price effective from Koha item type
    Dewey Decimal Classification   Not For Loan Library, Independent University, Bangladesh (IUB) Library, Independent University, Bangladesh (IUB) Law 07/04/2026 Purchase 9990.00 2006   340.2 M5281c 029649 09/04/2026 01 19980.00 07/04/2026 Books
    Dewey Decimal Classification   Not For Loan Library, Independent University, Bangladesh (IUB) Library, Independent University, Bangladesh (IUB) Law 07/04/2026 Purchase 9990.00 2006   340.2 M5281c 029650 09/04/2026 02 19980.00 07/04/2026 Books